Most Visited Countries By Indians - Statistics

General Stats
  • This quiz has been taken 271 times
  • The average score is 6 of 8
Answer Stats
Answer % Correct
USA
96%
UK
93%
Australia
78%
Thailand
74%
Malaysia
70%
UAE
70%
Singapore
69%
New Zealand
46%
No matching quizzes found
Score Distribution
Percent of People with Each Score
Percentile by Number Answered
Your Score History
You have not taken this quiz